[Event "Pierrefitte op"]
[Site "Pierrefitte"]
[Date "2003.09.27"]
[Round "1"]
[White "Shchekachev, Andrei"]
[Black "Varnica, Nenad"]
[Result "1-0"]
[WhiteElo "2550"]
[BlackElo "1700"]
[PlyCount "91"]
[EventDate "2003.04.27"]
[EventType "swiss (rapid)"]
[EventRounds "7"]
[EventCountry "FRA"]
[SourceTitle "EXT 2005"]
[Source "ChessBase"]
[SourceDate "2004.11.15"]
[SourceVersion "1"]
[SourceVersionDate "2004.11.15"]
[SourceQuality "1"]

1. Nf3 Nc6 2. e4 e5 3. Bb5 a6 4. Ba4 Nf6 5. 0-0 b5 6. Bb3 Bc5 7. c3 d6 8. d4 Ba7 9. a4 Bg4 10. axb5 axb5 11. Bg5 Qc8 12. h3 Bd7 13. Re1 h5 14. Be3 Bxh3 15. gxh3 Qxh3 16. Ng5 Qh4 17. Nd2 Rh6 18. Ndf3 Qg4+ 19. Kh1 Nxe4 20. Nxe4 Qh3+ 21. Nh2 Rg6 22. Ng5 Rxg5 23. Bxg5 f6 24. Bd5 Kd7 25. Be3 g5 26. Bxc6+ Kxc6 27. d5+ Kb7 28. Rxa7+ Rxa7 29. Bxa7 Kxa7 30. Qf3 Qxf3+ 31. Nxf3 g4 32. Nh4 Kb6 33. b4 c5 34. Nf5 Kc7 35. Ra1 cxb4 36. cxb4 Kb6 37. Rc1 e4 38. Nxd6 h4 39. Nf5 g3 40. fxg3 hxg3 41. d6 e3 42. d7 g2+ 43. Kxg2 e2 44. d8Q+ Ka6 45. Qa5+ Kb7 46. Qc7+ 1-0

[Event "Pierrefitte op"]
[Site "Pierrefitte"]
[Date "2003.09.27"]
[Round "2"]
[White "Varnica, Nenad"]
[Black "Marois, Cyril"]
[Result "1-0"]
[WhiteElo "1700"]
[BlackElo "1460"]
[PlyCount "121"]
[EventDate "2003.04.27"]
[EventType "swiss (rapid)"]
[EventRounds "7"]
[EventCountry "FRA"]
[SourceTitle "EXT 2005"]
[Source "ChessBase"]
[SourceDate "2004.11.15"]
[SourceVersion "1"]
[SourceVersionDate "2004.11.15"]
[SourceQuality "1"]

1. e4 e6 2. Nf3 d5 3. exd5 exd5 4. d4 Nf6 5. Bg5 Be7 6. Bd3 h6 7. Bd2 Bg4 8. Nc3 c6 9. Qc1 Bxf3 10. gxf3 Nbd7 11. Rg1 Bf8 12. Be3 Qc7 13. Bf4 Qd8 14. Qd2 g5 15. Bg3 Qe7+ 16. Kd1 0-0-0 17. Na4 Re8 18. Bf5 b6 19. a3 Bg7 20. Qd3 Kb7 21. Nc3 Nh5 22. a4 Nxg3 23. hxg3 a5 24. Ra3 Rd8 25. Re1 Qb4 26. Rb3 Qxd4 27. Qxd4 Bxd4 28. Re7 Bxc3 29. bxc3 Kc7 30. c4 Kd6 31. Rxf7 Rhf8 32. Rxf8 Rxf8 33. Bxd7 Kxd7 34. cxd5 cxd5 35. Rxb6 Rxf3 36. Ke2 Rc3 37. Kd2 Rf3 38. Rxh6 Rxf2+ 39. Ke3 Rxc2 40. Kd4 Rc4+ 41. Kxd5 Rxa4 42. Rh7+ Ke8 43. Ra7 Rg4 44. Ke6 Re4+ 45. Kf5 Re7 46. Rxa5 Rg7 47. g4 Kf7 48. Ra7+ Kg8 49. Rxg7+ Kxg7 50. Kxg5 Kf7 51. Kh6 Kg8 52. Kg6 Kh8 53. Kf7 Kh7 54. g5 Kh8 55. Kg6 Kg8 56. Kh6 Kh8 57. Kg6 Kg8 58. Kf6 Kf8 59. g6 Kg8 60. g7 Kh7 61. Kf7 1-0